Forecasting passenger and freight travel / (Record no. 542933)
[ view plain ]
| 000 -LEADER | |
|---|---|
| fixed length control field | 00712pam a2200169 i 4500 |
| 020 ## - INTERNATIONAL STANDARD BOOK NUMBER | |
| International Standard Book Number | 0309026644 |
| 082 00 - DEWEY DECIMAL CLASSIFICATION NUMBER | |
| Classification number | 380.508 |
| -- | 380.508 |
| Author Mark | NAT |
| -- | D |
| 110 2# - MAIN ENTRY--CORPORATE NAME | |
| Corporate name or jurisdiction name as entry element | National Research Council (U.S.). |
| 9 (RLIN) | 20017 |
| 245 10 - TITLE STATEMENT | |
| Title | Forecasting passenger and freight travel / |
| Statement of responsibility, etc. | Transportation Research Board, Commission on Sociotechnical Systems, National Research Council. |
| 260 ## - PUBLICATION, DISTRIBUTION, ETC. | |
| Place of publication, distribution, etc. | Washington : |
| Name of publisher, distributor, etc. | National Academy of Sciences, |
| Date of publication, distribution, etc. | 1977. |
| 300 ## - PHYSICAL DESCRIPTION | |
| Extent | iv, 86 p. : |
| Other physical details | ill., maps ; |
| Dimensions | 28 cm. |
| 526 ## - STUDY PROGRAM INFORMATION NOTE | |
| Program name | 0 |
| Interest level | 0 |
| Reading level | 0 |
| Title point value | 380_508000000000000_NAT |
| 650 #0 - SUBJECT ADDED ENTRY--TOPICAL TERM | |
| Topical term or geographic name entry element | Freight and freightage |
| Geographic subdivision | United States |
| General subdivision | Congresses. |
| 9 (RLIN) | 38302 |
| 650 #0 - SUBJECT ADDED ENTRY--TOPICAL TERM | |
| Topical term or geographic name entry element | MCE |
| 9 (RLIN) | 379 |
| 650 #0 - SUBJECT ADDED ENTRY--TOPICAL TERM | |
| Topical term or geographic name entry element | Transportation |
| Geographic subdivision | United States |
| General subdivision | Passenger traffic |
| -- | Congresses. |
| 9 (RLIN) | 38303 |
| 942 ## - ADDED ENTRY ELEMENTS (KOHA) | |
| Source of classification or shelving scheme | |
| Koha item type | Book |
| Withdrawn status | Lost status | Source of classification or shelving scheme | Damaged status | Not for loan | Permanent Location | Current Location | Date acquired | Total Checkouts | Full call number | Barcode | Date last seen | Price effective from | Koha item type |
|---|---|---|---|---|---|---|---|---|---|---|---|---|---|
| Military College of Engineering (MCE) | Military College of Engineering (MCE) | 02/26/2014 | 380.508 NAT | MCE-42176 | 02/26/2014 | 02/26/2014 | Book |
